NASA- Ateez english lyrics - Statistics

General Stats
  • This quiz has been taken 8 times
  • The average score is 19 of 70
Answer Stats
Hint Answer % Correct
naeryeonwa jangbineun tuk watjana eyes on me look
67%
sumgyeo nal NASA
67%
boyeojweo call me houdini
50%
.... i aint never stop
50%
.. shoot for the stars like nasa
50%
.. shoot for the stars like nasa
50%
oroji hyanghae haneullo shoot for the stars like nasa
50%
.. shoot for the stars like nasa
50%
. shoot for the stars like nasa
50%
. shoot for the stars like nasa
50%
oroji hyanghae haneullo shoot for the stars like nasa
50%
. shoot for the stars like nasa
50%
... 808's so deep
33%
.. always going up like my stack
33%
.. always going up like my stack
33%
. always going up like my stack
33%
. always going up like my stack
33%
baeteo nan gold and silver
33%
maja nae gachineun different gold and silver
33%
.. i fly
33%
goreuji oneure loop
33%
mandeureo masterpiece
33%
mandeureo masterpiece
33%
.. ready on your mark go fasta
33%
.. ready on your mark go fasta
33%
. ready on your mark go fasta
33%
. ready on your mark go fasta
33%
.... sweep it all up
33%
... they gon fracture ribs
33%
... we go
33%
.. we go
33%
mukkeo all em bands imma
17%
jugyeo all em hits
17%
ljana gyesok jjigeonae mak barcode
17%
chaenggyeonwa bring my things
17%
oreurangaerirak, churakhan gaemi tte, weolgaye meogitgam byeoldeureul suhwakhae ppaego deohada churakshigyeo cold collecter
17%
mak sseureo dama cost go
17%
churagmajeo creator
17%
... dough going up like a half stack
17%
. dough going up like a half stack
17%
... eyes on the ball no pasta
17%
. eyes on the ball no pasta
17%
haji
byeoli dwaesseodo Rocketeul ssoni
da meori joshim urin hamburo mak
fire spitting
17%
jeo ujukkaji olla going up
17%
jeo ujukkaji olla going up
17%
ollaga jeo meolli hell yeah
17%
ollaga jeo meolli hell yeah
17%
an bada hotline bling
17%
... irony
17%
gachineun an byeonhaji its till i rest in peace
17%
gachineun an byeonhaji its till i rest in peace
17%
. i want it more and more
17%
tteugeoweo oneul bam just keep it going yeah
17%
museoweo nae salmi mak bulkeojyeo like apple stock
17%
maeil bameu make it rain
17%
geu wie eonjeo meat
17%
ujuneun mi casa
17%
hollyeobeoriji nan mind
17%
ssodajineun money and fame
17%
jeonghaji ana no limits yeah
17%
jeonghaji ana no limits yeah
17%
.. rootin for my fall yeah i catch that
17%
. rootin for my fall yeah i catch that
17%
achimi ol ttaekkaji round n round
17%
. so higher than the sky
17%
yorihae special meal
17%
segyereul mudaero jamshi nolleo on wegyein hana thats me
17%
.. turn up
17%
.. turn up, i fly so higher than the sky
17%
michige woah
17%
No matching quizzes found
Score Distribution
Percent of People with Each Score
Percentile by Number Answered
Your Score History
You have not taken this quiz